00741nam a22002177a 4500003000500000005001700005008004100022010001000063011001000073035001000083040000900093100004100102245014500143260004000288300001000328502007700338650002900415650001800444650002600462650003500488CHAP20220329140856.0971013s1995 r 00010 d a59110 a60082 a64242 cCHAP00aSánchez García, Víctor Manuel. aInoculación de trigo (Triticum aestivum. L.) tolerante a sequía con Azospirillum spp. bajo condiciones de temporal en Chapingo, México aChapingo, Méx. :bEl autor,c1995 a49 h. aTesis (Ing. Agr. Esp. en Fitotecnia) -- UACH. Departamento de Fitotecnia14aAgricultura de temporal.14aAzospirillum.14aTrigoxInoculación.14aTrigoxResistencia a sequía.